| 000 | 00443nam a22001697a 4500 | ||
|---|---|---|---|
| 003 | URS | ||
| 005 | 20220114171552.0 | ||
| 008 | 170324b xxu||||| |||| 00| 0 eng d | ||
| 020 | _a070213194 | ||
| 050 |
_aHF5549 _bF583 1980 |
||
| 100 |
_aFlippo, Edwin B. _4author |
||
| 245 |
_aPersonnel management _cEdwin B. Flippo |
||
| 250 | _aFifth Edition | ||
| 260 |
_aTokyo: _bMcGraw-Hill, _c1980 |
||
| 300 |
_axiv, 511 pages; _c1980 |
||
| 942 |
_cFR _2lcc |
||
| 999 |
_c14168 _d14168 |
||